[Event "WYCC U16 Open 2013"]
[Site "Al-Ain UAE"]
[Date "2013.12.20"]
[Round "3.37"]
[White "Plotkin, Mark"]
[Black "Mousavi, Seyed Khalil"]
[Result "0-1"]
[BlackTitle "FM"]
[WhiteElo "1992"]
[BlackElo "2238"]
[WhiteFideId "2611651"]
[BlackFideId "12511099"]
[EventDate "2013.12.18"]

1. e4 e6 2. d4 d5 3. Nd2 a6 4. e5 c5 5. c3 Nc6 6. Ngf3 Nge7 7. Bd3 cxd4 8. cxd4
Nf5 9. Nb3 a5 10. Bg5 Qb6 11. O-O a4 12. Bxf5 exf5 13. Nc5 Nxd4 14. Qxd4 Bxc5
15. Qxd5 O-O 16. Rac1 Ra5 17. Qd1 Be6 18. Bd2 Rb5 19. Qxa4 Rxb2 20. Rc2 Rxc2 21.
Qxc2 Rc8 22. Qa4 Bd5 23. Qf4 Be4 24. Ng5 Bd3 25. Re1 h6 26. Nh3 Rd8 27. Bc3 Be4
28. Rc1 Rd3 29. Be1 Qg6 30. g4 0-1

[Event "WYCC U16 Open 2013"]
[Site "Al-Ain UAE"]
[Date "2013.12.20"]
[Round "3.38"]
[White "Liu, Andrew"]
[Black "Sokac, Marko"]
[Result "1-0"]
[WhiteElo "2236"]
[BlackElo "2038"]
[WhiteFideId "2071150"]
[BlackFideId "14531356"]
[EventDate "2013.12.18"]

1. Nf3 d6 2. d4 Bg4 3. Nbd2 Nf6 4. h3 Bh5 5. c4 c6 6. e3 Nbd7 7. Be2 e5 8. Qc2
Be7 9. O-O g5 10. Re1 g4 11. hxg4 Bg6 12. Qb3 Nxg4 13. Qxb7 e4 14. Nh2 Nxh2 15.
Kxh2 Rc8 16. Qb3 h5 17. Rh1 Nf6 18. Kg1 h4 19. Qd1 Qa5 20. b4 Qg5 21. Nf1 Kd7
22. b5 cxb5 23. Rb1 Rcg8 24. Rxb5 Bf5 25. Rh2 d5 26. Qa4 Bd6 27. Rxd5+ Ke7 28.
Qxa7+ Nd7 29. Rxd6 Bh3 30. Rd5 Qxg2+ 31. Rxg2 Rxg2+ 32. Kh1 Rhg8 33. Ba3+ Kf6
34. Qa6+ Be6 35. Ng3 R8xg3 36. fxg3 Rxe2 37. Rxd7 h3 38. d5 Re1+ 39. Kh2 Re2+
40. Kg1 Re1+ 41. Kf2 h2 42. Be7+ 1-0

[Event "WYCC U16 Open 2013"]
[Site "Al-Ain UAE"]
[Date "2013.12.20"]
[Round "3.39"]
[White "Hua, David A"]
[Black "Kenes, Aldiyar"]
[Result "1-0"]
[WhiteElo "2229"]
[BlackElo "2026"]
[WhiteFideId "2030047"]
[BlackFideId "13707914"]
[EventDate "2013.12.18"]

1. e4 c5 2. Nf3 d6 3. d4 cxd4 4. Nxd4 Nf6 5. Nc3 Nc6 6. Bc4 Qb6 7. Nxc6 bxc6 8.
O-O g6 9. Bb3 Bg7 10. Be3 Qc7 11. h3 O-O 12. Qd2 Rd8 13. Rad1 Ba6 14. Rfe1 Rab8
15. Qd4 c5 16. Qa4 Bb7 17. e5 Nd7 18. exd6 exd6 19. Nb5 Qc6 20. Bd5 Nb6 21. Bxc6
Nxa4 22. Bxb7 Rxb7 23. Rxd6 Rxd6 24. Nxd6 Rxb2 25. Bf4 Bf6 26. Re8+ Kg7 27. Ra8
g5 28. Bg3 Rxc2 29. Rxa7 Nb6 30. Ne8+ Kg6 31. Nxf6 Kxf6 32. Ra6 Rb2 33. Bc7 Rb1+
34. Kh2 Kf5 35. Rxb6 Rc1 36. Rc6 c4 37. f3 h5 38. g4+ hxg4 39. hxg4# 1-0

[Event "WYCC U16 Open 2013"]
[Site "Al-Ain UAE"]
[Date "2013.12.20"]
[Round "3.40"]
[White "Balaji, Ananthanarayanan"]
[Black "Naoum, Spyridon"]
[Result "1/2-1/2"]
[WhiteElo "1973"]
[BlackElo "2183"]
[WhiteFideId "421197"]
[BlackFideId "4227506"]
[EventDate "2013.12.18"]

1. d4 d5 2. Nf3 c6 3. g3 e6 4. Bg2 f5 5. O-O Nf6 6. c4 Bd6 7. b3 O-O 8. Ba3 Bxa3
9. Nxa3 Nbd7 10. b4 Ne4 11. Rc1 a6 12. Qb3 Qe7 13. Rfd1 f4 14. Nc2 Kh8 15. Nce1
fxg3 16. hxg3 Nd6 17. c5 Nf7 18. e4 dxe4 19. Nd2 e5 20. Nxe4 Nf6 21. Nd6 Bg4 22.
Nxf7+ Rxf7 23. Nf3 Bxf3 24. Bxf3 e4 25. Re1 Rff8 26. Rc2 Qd7 27. Bxe4 Qxd4 28.
Bf3 Nd5 29. Rd1 Qf6 30. Bxd5 cxd5 31. Qxd5 Qg6 32. Qd3 Qg4 33. Qd4 Rf4 34. Qd7
Qg6 35. Qd3 Rf5 36. Qd6 Rf6 37. Qd3 Qh5 38. Qd5 Qg4 1/2-1/2

[Event "WYCC U16 Open 2013"]
[Site "Al-Ain UAE"]
[Date "2013.12.20"]
[Round "3.41"]
[White "Cofre Archibold, Nestor"]
[Black "Bora, Safal"]
[Result "0-1"]
[WhiteElo "1966"]
[BlackElo "2176"]
[WhiteFideId "5122279"]
[BlackFideId "2066149"]
[EventDate "2013.12.18"]

1. e4 e6 2. d4 d5 3. Nd2 c5 4. exd5 Qxd5 5. Ngf3 cxd4 6. Bc4 Qd6 7. O-O Nf6 8.
Nb3 Nc6 9. Nbxd4 Nxd4 10. Nxd4 a6 11. Re1 Qc7 12. Qe2 Bc5 13. Nb3 Bd6 14. h3 b5
15. Bd3 Bb7 16. Bg5 Nd5 17. Qh5 g6 18. Qh4 O-O 19. c3 Rfe8 20. Nd2 f5 21. Bf1
Nb6 22. c4 b4 23. Nb3 Nd7 24. Rad1 Nc5 25. Nxc5 Bxc5 26. Rd2 e5 27. Red1 Bc6 28.
Qg3 Qg7 29. Qb3 f4 30. Be2 h6 31. Bd8 a5 32. Bg4 a4 33. Qc2 e4 34. Bd7 Raxd8 35.
Bxc6 Rxd2 36. Qxd2 Re5 37. Qxf4 e3 38. Kh2 exf2 39. Be4 Qe7 40. Bxg6 Re1 41.
Rd8+ Kg7 0-1

[Event "WYCC U16 Open 2013"]
[Site "Al-Ain UAE"]
[Date "2013.12.20"]
[Round "3.42"]
[White "Bayramov, Elkhan Khayyat"]
[Black "Abe, Mahiro"]
[Result "1/2-1/2"]
[WhiteElo "2173"]
[BlackElo "2009"]
[WhiteFideId "13400525"]
[BlackFideId "7000235"]
[EventDate "2013.12.18"]

1. Nc3 e5 2. Nf3 Nc6 3. e4 Nf6 4. Bb5 Bb4 5. O-O O-O 6. Nd5 Bc5 7. c3 Nxd5 8.
exd5 e4 9. dxc6 dxc6 10. Bc4 exf3 11. Qxf3 Qh4 12. d4 Bg4 13. Qg3 Qxg3 14. fxg3
Bd6 15. Bf4 Rae8 16. Rae1 Bxf4 17. gxf4 Bf5 18. Re5 Rxe5 19. fxe5 Be6 20. Bxe6
fxe6 21. Rxf8+ Kxf8 22. a4 Kf7 23. g4 g5 24. Kf2 Ke7 25. Ke3 b6 26. Kd3 a6 27.
Kc4 Kd7 28. b3 Ke7 29. b4 Kd7 30. b5 cxb5+ 31. axb5 a5 32. Kb3 Ke7 33. c4 Kd7
34. Kc3 Ke7 35. Kd3 Kd7 36. Ke4 Ke7 37. d5 Kd7 38. Kd4 Ke7 39. Kc3 1/2-1/2

[Event "WYCC U16 Open 2013"]
[Site "Al-Ain UAE"]
[Date "2013.12.20"]
[Round "3.43"]
[White "Valkama, Eero"]
[Black "Sibashvili, Giorgi"]
[Result "0-1"]
[WhiteElo "1960"]
[BlackElo "2173"]
[WhiteFideId "507555"]
[BlackFideId "13602799"]
[EventDate "2013.12.18"]

1. e4 c5 2. Nf3 d6 3. Bb5+ Nd7 4. d4 cxd4 5. Qxd4 a6 6. Bxd7+ Bxd7 7. c4 e5 8.
Qd3 Rc8 9. Nc3 Qc7 10. b3 b5 11. Nd5 Qc6 12. cxb5 Qxb5 13. Qxb5 Bxb5 14. Kd2 Nf6
15. Nxf6+ gxf6 16. a4 Bc6 17. Ke3 Rb8 18. Nd2 Rg8 19. g3 f5 20. Ba3 fxe4 21.
Rhc1 Kd7 22. Rc3 d5 23. Rcc1 Bh6+ 24. Ke2 Bxd2 25. Kxd2 Rxb3 26. Bc5 Rc8 27. Rc2
d4 28. a5 Bb5 29. Rac1 Bd3 30. Ra2 Rb5 31. Ba3 Rxa5 32. Rxc8 Kxc8 33. Ra1 Kd7
34. Bb2 Rxa1 35. Bxa1 Kc6 36. f3 exf3 37. Kxd3 e4+ 38. Kd2 e3+ 39. Ke1 d3 0-1

[Event "WYCC U16 Open 2013"]
[Site "Al-Ain UAE"]
[Date "2013.12.20"]
[Round "3.44"]
[White "Chandran, Kapil"]
[Black "Malhotra, Tarun"]
[Result "1-0"]
[WhiteElo "2171"]
[BlackElo "1988"]
[WhiteFideId "2034077"]
[BlackFideId "5020549"]
[EventDate "2013.12.18"]

1. e4 c5 2. Nf3 Nc6 3. d4 cxd4 4. Nxd4 Nf6 5. Nc3 e5 6. Ndb5 d6 7. Nd5 Nxd5 8.
exd5 Nb8 9. Qf3 a6 10. Qa3 b6 11. Bg5 f6 12. Be3 Bb7 13. Nc3 f5 14. f4 Nd7 15.
O-O-O Be7 16. Be2 O-O 17. Rhf1 b5 18. Kb1 exf4 19. Bxf4 Qb6 20. Qb4 Qc5 21. a3
Rad8 22. Bd3 Qxb4 23. axb4 Nb6 24. Rde1 Bf6 25. Bxf5 Bxc3 26. Be6+ Kh8 27. bxc3
Bxd5 28. Bxd5 Nxd5 29. Bxd6 Rxf1 30. Rxf1 Nxc3+ 31. Kb2 Na4+ 32. Kb3 Kg8 33. Bg3
h6 34. c3 Rd2 35. Rf2 Rd1 36. Kc2 Ra1 37. Kd3 Rd1+ 38. Rd2 Rxd2+ 39. Kxd2 Kf7
40. Kd3 Ke6 41. Kd4 Nb6 42. Be5 g6 43. Bg7 h5 44. Kc5 Nc4 45. Kc6 Na3 46. Kb6
Kd5 47. Kxa6 Kc4 48. Kb6 Nc2 49. g3 g5 50. h4 gxh4 51. gxh4 Ne3 52. Kc6 Nf5 53.
Bf6 Ne3 54. Kd6 Ng4 55. Bg7 Nh2 56. Ke6 Nf1 57. Kf5 Ng3+ 58. Kg5 Kd3 59. Be5
Ne4+ 60. Kxh5 Nxc3 61. Bxc3 Kxc3 62. Kg5 Kxb4 63. h5 Ka3 64. h6 b4 65. h7 b3 66.
h8=Q b2 67. Qa8+ Kb3 68. Qb7+ Ka2 69. Qa6+ Kb1 70. Kf4 Kc1 71. Qc4+ Kd2 72. Qb3
Kc1 73. Qc3+ Kb1 74. Ke3 Ka2 75. Qc2 Ka1 76. Qa4+ Kb1 77. Kd3 1-0

[Event "WYCC U16 Open 2013"]
[Site "Al-Ain UAE"]
[Date "2013.12.20"]
[Round "3.45"]
[White "Darling, Simeon C."]
[Black "Percivaldi, Martin"]
[Result "1/2-1/2"]
[WhiteTitle "CM"]
[WhiteElo "1928"]
[BlackElo "2169"]
[WhiteFideId "14305356"]
[BlackFideId "1508148"]
[EventDate "2013.12.18"]

1. e4 e6 2. d4 d5 3. Nc3 Nf6 4. Bg5 Bb4 5. e5 h6 6. Bd2 Bxc3 7. bxc3 Ne4 8. Qg4
Kf8 9. Bd3 Nxd2 10. Kxd2 c5 11. Nf3 c4 12. Be2 Nc6 13. h4 Rb8 14. Qf4 b5 15. g4
Qe7 16. h5 b4 17. Qe3 a5 18. Rhg1 Na7 19. a4 bxa3 20. g5 hxg5 21. Rxg5 Rh7 22.
Nh4 Ke8 23. f4 Rb2 24. f5 Nb5 25. fxe6 Bxe6 26. Nf5 Bxf5 27. Rxf5 a2 28. e6 fxe6
29. Re5 Rh6 30. Bg4 Nd6 31. Kc1 Rb1+ 32. Rxb1 axb1=Q+ 33. Kxb1 Ne4 34. Bf3 Qb7+
35. Kc1 Rf6 36. Bxe4 dxe4 37. Rxe4 Kf7 38. Rf4 Qh1+ 39. Kb2 Qxh5 40. Rxf6+ gxf6
41. Qf4 Qb5+ 42. Ka2 Qa4+ 43. Kb2 Qb5+ 44. Ka2 Qd5 45. Qh2 Kg6 46. Qg3+ Qg5 47.
Qe1 Qg2 48. Kb2 Kf7 49. Qh4 Kg6 50. Qe1 Qb7+ 51. Ka2 Qd5 52. Qg3+ Qg5 53. Qe1
Qg4 54. Kb2 Qf5 55. Qg3+ Qg5 56. Qe1 Kf7 57. Qh1 Qb5+ 58. Ka2 e5 59. Qh7+ Ke6
60. Qg8+ Kd6 1/2-1/2

[Event "WYCC U16 Open 2013"]
[Site "Al-Ain UAE"]
[Date "2013.12.20"]
[Round "3.46"]
[White "Eggink, Ryszard"]
[Black "Kalra, Agastya"]
[Result "1-0"]
[WhiteElo "2165"]
[BlackElo "1956"]
[WhiteFideId "1125869"]
[BlackFideId "2604744"]
[EventDate "2013.12.18"]

1. d4 Nf6 2. c4 c5 3. d5 b5 4. cxb5 a6 5. f3 g6 6. e4 Bg7 7. d6 O-O 8. e5 Nh5 9.
Qd5 exd6 10. Qxa8 Qh4+ 11. g3 Nxg3 12. hxg3 Qxh1 13. Be3 Bxe5 14. Nc3 Bd4 15.
Bxd4 cxd4 16. Nce2 d3 17. O-O-O Nc6 18. bxc6 dxe2 19. Bxe2 dxc6 20. Qxc6 Bf5 21.
Bxa6 Qg2 22. Ne2 h5 23. b3 1-0

[Event "WYCC U16 Open 2013"]
[Site "Al-Ain UAE"]
[Date "2013.12.20"]
[Round "3.47"]
[White "Shavdirov, Jahongir"]
[Black "Pomini, Aurelien"]
[Result "0-1"]
[WhiteElo "1922"]
[BlackElo "2165"]
[WhiteFideId "14204193"]
[BlackFideId "1320831"]
[EventDate "2013.12.18"]

1. c4 e5 2. g3 Nf6 3. Bg2 d5 4. cxd5 Nxd5 5. Nc3 Nb6 6. Nf3 Nc6 7. Rb1 a5 8. O-O
Be7 9. b3 O-O 10. Bb2 Re8 11. Rc1 Bf8 12. d4 Nxd4 13. Nxd4 exd4 14. Ne4 d3 15.
exd3 c6 16. Qh5 h6 17. Rfe1 Nd5 18. Re2 a4 19. Rce1 Be6 20. Bh3 Ra5 21. Nc5 Rxc5
22. Rxe6 fxe6 23. Qg6 0-1

[Event "WYCC U16 Open 2013"]
[Site "Al-Ain UAE"]
[Date "2013.12.20"]
[Round "3.48"]
[White "Hui, Jeremy"]
[Black "Rydstrom, Tom"]
[Result "0-1"]
[WhiteElo "1914"]
[BlackElo "2156"]
[WhiteFideId "2608987"]
[BlackFideId "1714830"]
[EventDate "2013.12.18"]

1. e4 e5 2. Nf3 Nc6 3. Bb5 a6 4. Ba4 Nf6 5. O-O b5 6. Bb3 Be7 7. Qe2 d6 8. c3
Bg4 9. h3 Be6 10. Bc2 h6 11. Rd1 O-O 12. d3 Re8 13. Nbd2 Bf8 14. d4 exd4 15.
cxd4 Bf5 16. Bb1 Bg6 17. Re1 Nxe4 18. Nxe4 d5 19. Qc2 dxe4 20. Qxc6 exf3 21.
Rxe8 Qxe8 22. Qxf3 Qe1+ 23. Kh2 Re8 24. Bxg6 fxg6 25. b3 Bd6+ 26. g3 Rf8 27. Bb2
Qxf2+ 28. Qg2 Bxg3+ 29. Kh1 Qxg2+ 30. Kxg2 Bh4 31. Ba3 Rf2+ 32. Kg1 Rd2 33. Bc5
Bf2+ 34. Kf1 Bxd4 35. Bxd4 Rxd4 36. Rc1 Rd2 37. Rxc7 Rxa2 38. Ra7 Rb2 39. Rxa6
Rxb3 40. Kg2 g5 41. Rb6 Kh7 42. Kh2 h5 43. Kg2 g6 44. Kh2 Kh6 45. Kg2 Rb2+ 46.
Kg1 b4 47. Rb5 b3 48. Kh1 g4 49. h4 g3 50. Kg1 Rh2 51. Rxb3 Rxh4 52. Rxg3 Rg4
53. Rxg4 hxg4 54. Kg2 Kh5 55. Kh2 Kh4 0-1

[Event "WYCC U16 Open 2013"]
[Site "Al-Ain UAE"]
[Date "2013.12.20"]
[Round "3.49"]
[White "Petr, Jan2"]
[Black "Ouaret, Abdelouhab"]
[Result "1-0"]
[BlackTitle "FM"]
[WhiteElo "2151"]
[BlackElo "1868"]
[WhiteFideId "345784"]
[BlackFideId "7903944"]
[EventDate "2013.12.18"]

1. d4 d5 2. c4 c6 3. Nc3 Nf6 4. e3 e6 5. Nf3 Nbd7 6. Qc2 Be7 7. b3 O-O 8. Bd3 c5
9. cxd5 exd5 10. O-O b6 11. Bb2 Bb7 12. Rac1 Rc8 13. Qb1 Re8 14. Rfd1 Bd6 15.
Bf5 g6 16. Bh3 Ne4 17. Nxe4 dxe4 18. dxc5 Nxc5 19. Bxc8 Qxc8 20. Ne1 Qb8 21. g3
Ba6 22. Qc2 Nd3 23. Nxd3 Bxd3 24. Rxd3 exd3 25. Qxd3 Be5 26. Bxe5 Qxe5 27. Qd7
a5 28. Qd4 Qe6 29. Rc7 Qf5 30. Kg2 h5 31. Qd7 Qe4+ 32. f3 Qe6 33. e4 Qxd7 34.
Rxd7 Rc8 35. Rd2 b5 36. Kh3 a4 37. bxa4 bxa4 38. f4 Rc3 39. Kh4 Re3 40. e5 Kg7
41. Kg5 a3 42. Rc2 Rd3 43. Rc7 Re3 44. Ra7 Re2 45. h3 Rxa2 46. e6 Rg2 47. Rxf7+
Kg8 48. Kf6 Rxg3 49. e7 Re3 50. Rf8+ 1-0

[Event "WYCC U16 Open 2013"]
[Site "Al-Ain UAE"]
[Date "2013.12.20"]
[Round "3.50"]
[White "Ostapchik, Anton"]
[Black "Gorbanovsky, Oleg"]
[Result "1/2-1/2"]
[WhiteElo "1897"]
[BlackElo "2147"]
[WhiteFideId "13509705"]
[BlackFideId "13903829"]
[EventDate "2013.12.18"]

1. e4 e5 2. Nf3 Nc6 3. Bb5 a6 4. Bxc6 dxc6 5. O-O f6 6. d4 Bg4 7. dxe5 Qxd1 8.
Rxd1 fxe5 9. Nbd2 O-O-O 10. Re1 Bd6 11. h3 Bh5 12. g4 Bf7 13. Ng5 Rf8 14. Nxf7
Rxf7 15. Nc4 Ne7 16. Ne3 h5 17. Nf5 g6 18. Nxe7+ Bxe7 19. Kg2 hxg4 20. hxg4 Rh4
21. Kg3 Rfh7 22. Be3 Rh2 1/2-1/2

[Event "WYCC U16 Open 2013"]
[Site "Al-Ain UAE"]
[Date "2013.12.20"]
[Round "3.51"]
[White "Machan, Jan"]
[Black "Motovilnik, Jurij"]
[Result "1-0"]
[WhiteElo "2147"]
[BlackElo "1860"]
[WhiteFideId "334774"]
[BlackFideId "13507273"]
[EventDate "2013.12.18"]

1. Nf3 e6 2. c4 Nf6 3. g3 b6 4. Bg2 Bb7 5. Nc3 d5 6. d4 Be7 7. O-O O-O 8. cxd5
Nxd5 9. Nxd5 Bxd5 10. Qc2 Nd7 11. e4 Bb7 12. Rd1 Nf6 13. Ne5 Re8 14. Nc6 Qd7 15.
Nxe7+ Qxe7 16. Bg5 Qb4 17. a3 Qb5 18. Bxf6 gxf6 19. Qc3 Qg5 20. f4 Qg6 21. d5 f5
22. exf5 exf5 23. Rac1 Rac8 24. Qd3 Qf6 25. d6 Be4 26. Bxe4 fxe4 27. Qa6 Rcd8
28. dxc7 Rc8 29. Qe2 Qe7 30. Qg4+ Kh8 31. Qd7 Kg7 32. Kf2 Qf6 33. Qd4 Re7 34.
Qxf6+ Kxf6 35. Rd6+ Kg7 36. Rdc6 Kf8 37. Ke3 Ke8 38. f5 Kd7 39. R6c4 1-0

[Event "WYCC U16 Open 2013"]
[Site "Al-Ain UAE"]
[Date "2013.12.20"]
[Round "3.52"]
[White "Valenzuela Martinez, Hermes"]
[Black "Foo, William J"]
[Result "0-1"]
[WhiteTitle "CM"]
[WhiteElo "1867"]
[BlackElo "2144"]
[WhiteFideId "5111919"]
[BlackFideId "419753"]
[EventDate "2013.12.18"]

1. e4 c5 2. Nc3 Nc6 3. g3 g6 4. Bg2 Bg7 5. Nge2 d6 6. d3 Rb8 7. a4 a6 8. f4 e6
9. Be3 Nd4 10. O-O Ne7 11. Qd2 b5 12. axb5 axb5 13. Bxd4 cxd4 14. Na2 O-O 15.
Nb4 Qb6 16. Kh1 Bb7 17. g4 f5 18. h3 Rbc8 19. Ng3 Rf7 20. Rae1 fxe4 21. dxe4
Rcf8 22. Nd3 Bh6 23. g5 Bg7 24. Nb4 Qc7 25. h4 e5 26. Ne2 Qd7 27. Qd3 Qg4 28.
Qb3 Qxh4+ 29. Kg1 Kh8 30. Nd3 exf4 31. Nexf4 Qxg5 32. Rf2 Bc8 33. Ref1 Rf6 34.
Rf3 Nc6 35. Qd5 Qxd5 36. Nxd5 Rxf3 37. Rxf3 Rxf3 38. Bxf3 Ne5 39. Nxe5 dxe5 40.
Nc7 Bd7 41. Be2 b4 42. Bc4 Bf8 43. b3 h5 44. Be6 Bxe6 45. Nxe6 Be7 46. Kg2 Kh7
47. Kg3 g5 48. Nc7 Kg6 49. Nd5 Bd6 50. Kh3 Kf7 51. Kg3 Ke6 52. Kh3 Be7 53. Kg3
g4 54. Nc7+ Kf7 55. Nd5 Bd6 56. Nb6 Kg6 57. Nc8 Bc5 0-1

[Event "WYCC U16 Open 2013"]
[Site "Al-Ain UAE"]
[Date "2013.12.20"]
[Round "3.53"]
[White "Samuel, Ngieng Chew Sheng"]
[Black "Nazarov, Rustem"]
[Result "0-1"]
[WhiteElo "1580"]
[BlackElo "2136"]
[WhiteFideId "5713978"]
[BlackFideId "14002280"]
[EventDate "2013.12.18"]

1. e4 c5 2. Nf3 d6 3. Bb5+ Bd7 4. Bxd7+ Qxd7 5. O-O Nc6 6. c3 Nf6 7. d3 g6 8. h3
Bg7 9. Be3 O-O 10. Qd2 Rfc8 11. Re1 b5 12. Bf4 b4 13. a3 Rab8 14. axb4 cxb4 15.
d4 Qb7 16. d5 Nd8 17. cxb4 Rc4 18. Nc3 Rxb4 19. Qe3 a6 20. Qd3 Rxb2 21. Qxa6 Nh5
22. Qxb7 Nxb7 23. Bd2 Rxd2 24. Nxd2 Bxc3 25. Ra2 Nc5 26. f3 Nf4 27. Rb1 Rc8 28.
Rc2 Nxe4 29. Nxe4 Bd4+ 30. Rf2 Nxd5 31. Rd1 Bxf2+ 32. Kxf2 Rc2+ 33. Rd2 Rxd2+
34. Nxd2 Kg7 35. g3 Nb4 36. f4 d5 37. Nf3 e6 38. Nd4 Kf8 39. g4 Ke7 40. g5 0-1

[Event "WYCC U16 Open 2013"]
[Site "Al-Ain UAE"]
[Date "2013.12.20"]
[Round "3.54"]
[White "Tutisani, Noe"]
[Black "Minald, Andrey"]
[Result "1-0"]
[WhiteElo "2120"]
[BlackElo "1848"]
[WhiteFideId "13602853"]
[BlackFideId "13506854"]
[EventDate "2013.12.18"]

1. e4 c5 2. Nf3 d6 3. d4 cxd4 4. Nxd4 Nf6 5. Nc3 a6 6. Bg5 e6 7. f4 Qc7 8. Qf3
Nbd7 9. O-O-O Be7 10. g4 b5 11. Bxf6 Nxf6 12. g5 Nd7 13. f5 Bxg5+ 14. Kb1 Ne5
15. Qh5 Qd8 16. Nxe6 Bxe6 17. fxe6 O-O 18. Bh3 g6 19. Qe2 fxe6 20. Bxe6+ Kh8 21.
h4 Bxh4 22. Qh2 g5 23. Bf5 Qf6 24. Nd5 Qg7 25. Nf4 Nc4 26. c3 Qe5 27. Ng2 Qxh2
28. Rxh2 Ra7 29. b3 Na3+ 30. Kb2 b4 31. Nxh4 gxh4 32. cxb4 Nb5 33. a4 Nc7 34.
Rxd6 Ne8 35. Rd8 Kg7 36. Rxh4 Nf6 37. Rxf8 Kxf8 38. e5 Nd5 39. Rxh7 Rxh7 40.
Bxh7 Nxb4 41. Be4 a5 42. Kc3 Ke7 43. Kc4 Na2 44. Bf5 Nc1 45. Bg4 Kd8 46. Be6 Na2
47. Kb5 Nc3+ 48. Kxa5 Ne4 49. Kb6 Ke7 50. Bd5 1-0

[Event "WYCC U16 Open 2013"]
[Site "Al-Ain UAE"]
[Date "2013.12.20"]
[Round "3.58"]
[White "Carneiro, Vitor Roberto Castro"]
[Black "Volna, Lukas"]
[Result "1-0"]
[WhiteTitle "CM"]
[WhiteElo "2277"]
[BlackElo "1833"]
[WhiteFideId "2130106"]
[BlackFideId "14928728"]
[EventDate "2013.12.18"]

1. c4 Nf6 2. g3 e6 3. Bg2 c5 4. Nf3 Nc6 5. O-O Be7 6. b3 Qc7 7. Bb2 b6 8. e3 Bb7
9. Nc3 a6 10. d4 cxd4 11. exd4 O-O 12. d5 Nb8 13. Re1 Bb4 14. Rc1 Re8 15. a3 Bf8
16. Ne4 Nxe4 17. Rxe4 d6 18. Rh4 e5 19. Ng5 Be7 20. Qh5 Bxg5 21. Qxg5 f6 22. Qf5
g6 23. Qxf6 Nd7 24. Qg5 Nc5 25. Bc3 Bc8 26. f4 Bf5 27. g4 Nd3 28. gxf5 Nxc1 29.
fxe5 Nxb3 30. fxg6 hxg6 31. e6 1-0

[Event "WYCC U16 Open 2013"]
[Site "Al-Ain UAE"]
[Date "2013.12.20"]
[Round "3.59"]
[White "Reshef, Omer"]
[Black "Rodgers, Philippe"]
[Result "1-0"]
[WhiteElo "2253"]
[BlackElo "1735"]
[WhiteFideId "2804336"]
[BlackFideId "1801473"]
[EventDate "2013.12.18"]

1. e4 Nf6 2. e5 Nd5 3. d4 d6 4. Nf3 dxe5 5. Nxe5 c6 6. Bc4 Nd7 7. O-O Nxe5 8.
dxe5 Bf5 9. Nd2 e6 10. Nf3 Bc5 11. Qe2 Qc7 12. a3 h6 13. Ba2 a5 14. c4 Nb6 15.
Bb1 Bg4 16. Be4 Bd4 17. Bf4 Nd7 18. Rad1 c5 19. h3 Bxf3 20. Qxf3 Rb8 21. Bc2
Bxb2 22. Ba4 Bd4 23. Qe4 Ke7 24. Bg3 Rbd8 25. Kh1 Qc8 26. f4 f5 27. Qf3 g5 28.
Rb1 b6 29. Qh5 Be3 30. Rf3 Bxf4 31. Rxf4 gxf4 32. Bh4+ Kf8 33. Bxd8 Qxd8 34. Rd1
Rh7 35. Bxd7 Rxd7 36. Qxh6+ Ke7 37. Qf6+ Ke8 38. Qxe6+ Re7 1-0

[Event "WYCC U16 Open 2013"]
[Site "Al-Ain UAE"]
[Date "2013.12.20"]
[Round "3.60"]
[White "Berman, Jacob"]
[Black "Nuri, Murad"]
[Result "0-1"]
[WhiteElo "1795"]
[BlackElo "2250"]
[WhiteFideId "2071010"]
[BlackFideId "13404474"]
[EventDate "2013.12.18"]

1. d4 g6 2. c4 Bg7 3. Nc3 d6 4. e4 Nc6 5. Be3 e5 6. d5 Nce7 7. g4 f5 8. gxf5
gxf5 9. Qh5+ Kf8 10. Bh3 Nf6 11. Qf3 f4 12. Bd2 c6 13. O-O-O cxd5 14. cxd5 a6
15. Kb1 Bxh3 16. Nxh3 Bh6 17. Rhg1 Qd7 18. Ng5 Bxg5 19. Rxg5 Kf7 20. Rdg1 Rhg8
21. h4 h6 22. Rxg8 Rxg8 23. Rxg8 Kxg8 24. Ne2 Ng6 25. Qg2 Kf7 26. f3 Nxh4 27.
Qh1 Ng6 28. Qxh6 Qb5 29. Nc3 Qd3+ 30. Kc1 Qf1+ 31. Kc2 Qxf3 32. Qg5 Ne7 33. Qh6
Qg2 34. Qh4 Ng6 35. Qe1 f3 36. Nd1 Ng4 37. Kc1 f2 38. Nxf2 Nxf2 39. Qe2 Qh1+ 40.
Be1 Qxe1+ 0-1

[Event "WYCC U16 Open 2013"]
[Site "Al-Ain UAE"]
[Date "2013.12.20"]
[Round "3.61"]
[White "Dogan, Mire Deniz"]
[Black "Filipets, Egor"]
[Result "0-1"]
[WhiteElo "1772"]
[BlackElo "2112"]
[WhiteFideId "6317456"]
[BlackFideId "13503928"]
[EventDate "2013.12.18"]

1. d4 f5 2. c4 Nf6 3. g3 g6 4. Bg2 Bg7 5. Nc3 O-O 6. Nh3 d6 7. d5 Na6 8. Nf4 Nc5
9. h4 Nfe4 10. Nxe4 fxe4 11. Rb1 Bf5 12. Be3 c6 13. O-O e5 14. dxe6 Nxe6 15.
Nxe6 Bxe6 16. Qb3 b5 17. Bxe4 bxc4 18. Qa4 Rc8 19. Bxc6 d5 20. Rfd1 d4 21. Bb7
Rc7 22. Bg2 Bd7 23. Qa5 dxe3 24. fxe3 Qc8 25. h5 Bc6 26. hxg6 hxg6 27. Rd6 Bxg2
28. Kxg2 Rcf7 29. Qd5 Qg4 30. Rg1 Kh7 31. Rh1+ Bh6 0-1

[Event "WYCC U16 Open 2013"]
[Site "Al-Ain UAE"]
[Date "2013.12.20"]
[Round "3.62"]
[White "Micottis, Dorian"]
[Black "Yang, ching Wei, Austin"]
[Result "1/2-1/2"]
[WhiteElo "2097"]
[BlackElo "1824"]
[WhiteFideId "26021986"]
[BlackFideId "16300440"]
[EventDate "2013.12.18"]

1. e4 e6 2. d4 d5 3. Nc3 Bb4 4. Qg4 Nf6 5. Qxg7 Rg8 6. Qh6 Rg6 7. Qe3 Nxe4 8.
Ne2 c5 9. a3 cxd4 10. Qxd4 Bc5 11. Qh8+ Ke7 12. Qxd8+ Kxd8 13. Nxe4 dxe4 14. Nc3
f5 15. Be3 Bxe3 16. fxe3 Bd7 17. O-O-O Ke7 18. g3 Bc6 19. Ne2 Nd7 20. Nd4 Ne5
21. Be2 Rd8 22. b3 b6 23. Rhf1 Bb7 24. Kb2 Rh6 25. Rxf5 Rxd4 26. Rxe5 Rxd1 27.
Bxd1 Rxh2 28. Rh5 Rxh5 29. Bxh5 e5 30. Bg4 h6 31. c4 Kd6 32. Bf5 a5 33. b4 Bc6
34. Bg6 Bb7 35. Bh7 Bc6 36. Bg6 Bb7 37. Bf7 Bc6 38. Bg8 a4 39. Kc3 Bd7 40. Bh7
Bc6 41. b5 Bd7 42. Kb4 Bg4 43. Kxa4 Kc5 44. Kb3 Be6 45. a4 1/2-1/2

[Event "WYCC U16 Open 2013"]
[Site "Al-Ain UAE"]
[Date "2013.12.20"]
[Round "3.63"]
[White "Neagu, Mihai-Cosmin"]
[Black "Gillot, Florent"]
[Result "1-0"]
[WhiteElo "2069"]
[BlackElo "1731"]
[WhiteFideId "1205560"]
[BlackFideId "225479"]
[EventDate "2013.12.18"]

1. d4 d5 2. c4 e6 3. Nf3 Nf6 4. e3 c6 5. b3 Nbd7 6. Bb2 Bb4+ 7. Nbd2 Ne4 8. a3
Bxd2+ 9. Nxd2 Nxd2 10. Qxd2 Nf6 11. f3 Qc7 12. Bd3 b6 13. O-O Bb7 14. Rac1 Rd8
15. Qe2 O-O 16. b4 Qe7 17. Rc2 Nd7 18. e4 dxc4 19. Bxc4 b5 20. Bb3 Nb6 21. Rd1
Rfe8 22. Qf2 f6 23. Bc1 Nc8 24. Re1 Kh8 25. Bb2 Rd7 26. Rc5 a6 27. f4 Qd8 28.
Qh4 Nb6 29. Rh5 h6 30. d5 e5 31. fxe5 fxe5 32. Qxd8 Rexd8 33. Bxe5 cxd5 34.
Rxh6+ 1-0